Loading...
| Science - Other | 0 | 7 | 0 | 1 | 70 | 20 | 65.86 | 3 | 7 | 28.30 | 52.00 |
| Religion | 0 | 4 | 0 | 0 | 40 | 27 | 73.25 | 2 | 2 | 13.93 | 26.00 |
| History - Other | 0 | 3 | 0 | 2 | 30 | 61 | 95.00 | 0 | 2 | 4.52 | 14.00 |
| History - World | 0 | 3 | 0 | 1 | 30 | 40 | 82.67 | 0 | 3 | 6.26 | 12.00 |
| History - American | 0 | 3 | 0 | 1 | 30 | 82 | 98.67 | 0 | 0 | 3.44 | 8.00 |
| History - European | 0 | 3 | 0 | 0 | 30 | 29 | 58.67 | 1 | 1 | 12.34 | 16.00 |
| Social Science | 0 | 2 | 0 | 0 | 20 | 16 | 53.00 | 1 | 1 | 14.42 | 17.14 |
| Philosophy | 0 | 2 | 0 | 0 | 20 | 75 | 90.00 | 0 | 0 | 3.22 | 5.00 |
| Geography | 0 | 2 | 0 | 0 | 20 | 84 | 86.00 | 1 | 2 | 10.31 | 36.00 |
| Current Events | 0 | 1 | 0 | 0 | 10 | 89 | 89.00 | 1 | 1 | 4.59 | 25.00 |
| Fine Arts - Other | 0 | 1 | 0 | 0 | 10 | 101 | 101.00 | 0 | 1 | 0.19 | 6.00 |
| Fine Arts - Painting and Sculpture | 0 | 1 | 0 | 0 | 10 | 104 | 104.00 | 0 | 1 | 1.54 | 8.00 |
| Literature - European | 0 | 1 | 0 | 0 | 10 | 111 | 111.00 | 0 | 0 | 0.43 | 2.00 |
| Literature - World | 0 | 1 | 0 | 0 | 10 | 106 | 106.00 | 0 | 1 | 0.78 | 6.00 |
| Science - Chemistry | 0 | 1 | 0 | 0 | 10 | 81 | 81.00 | 1 | 1 | 3.82 | 10.00 |
| Science - Biology | 0 | 1 | 1 | 0 | 5 | 50 | 50.00 | 1 | 1 | 5.19 | 10.00 |
| Literature - American | 0 | 0 | 0 | 0 | 0 | 0.00 | 0 | 0 | 0.00 | 0.00 |